000
00305nam a22001337a 4500
020
_a
978-0070107748
041
_a
ENG
100
_a
Ven Te Chow
245
_a
Handbook Of Applied Hydrology
260
_a
New York
_b
McGraw Hill Book
_c
1964
300
_a
49
650
_a
SWCE ( 06 )
856
_u
SWCE ( 06 )
999
_c
2927
_d
2927